000 00473nam a2200145Ia 4500
008 090122s9999 xx 000 0 und d
082 _b5501
_a891.463
100 _aमुळे
_bज्ञानेश्वर
245 _a"माती, पंख आणि आकाश"
600 _aमुळे
630 _a"माती, पंख आणि आकाश"
700 _aमुळे
730 _a"माती, पंख आणि आकाश"
942 _cBOOK
999 _c29579
_d29579